00358nam a2200133Ia 450000500170000000800410001702000180005808200210007610000220009724500310011926000290015030000140017965000310019320250515152111.0231217s9999 xx 000 0 und d a9780749455507 a650.11 FOR;1 R aForsyth, Patrick. 0aSuccessful time management c2010bKogan PageaLondon axiii, 169 aSuccessful,time,management